00698nam a22002177a 4500003000500000005001700005008004100022010000900063011000900072035000900081040000900090100002500099245009400124260010100218300001900319490003700338650002100375650002200396650002500418830003700443CHAP20220329133533.0971013s1991 r 00010 d a7566 a8538 a7767 cCHAP00aFavela Lara, Susana. aTaxonomía de Pinus pseudostrobus Lindl., Pinus montezumae Lamb. y Pinus hartwegii Endl. aLinares, N. L. :bUniversidad Autónoma de Nuevo León. Facultad de Ciencias Forestales,c1991 a30 p.b: ilus. aUANL. Reporte científicov; 2614aPinus hartwegii.14aPinus montezumae.14aPinus pseudostrobus.0 aUANL. Reporte científicov; 26